000 00362nam a22001697a 4500
005 20160627172315.0
008 160627b xxu||||| |||| 00| 0 eng d
020 _a81-86314-54-7
041 _aeng
082 _b10687
100 _aJHAMB
_9776
245 _aInventory Management
260 _bEPH
300 _a560
650 _aManagement
_9241
942 _cBK
999 _c4341
_d4340